000 01007nam a22003137a 4500
003 CHAP
005 20220329143346.0
008 081209s2005 ii r 00010 eng d
010 _a95482
011 _a96454
020 _a1842652516
035 _a107107
040 _cCHAP
082 0 4 _a581.4
_bB46
100 1 _aBhattacharyya, Bharati
_912162
245 1 0 _aSystematic botany
_c/by B. Bhattacharyya
260 _aIndia :
_bAlpha Science,
_c2005
300 _a337 p. :
_bilus.
590 _aBATCH-UPD
_b10
_c20130110
_lUCH01
_h0429
590 _aBATCH-UPD
_b10
_c20130410
_lUCH01
_h0104
590 _aBATCH-UPD
_b10
_c20130914
_lUCH01
_h0613
590 _aCONVERSION
_b10
_c20130109
_lUCH01
_h1353
650 1 4 _aBotánica
_xClasificación.
_914516
650 1 4 _aPlantas
_xNomenclatura.
_988871
901 _aBK
942 _cLIBRO
949 _a581.4 B46
_bBC
_cLIBRO
_d33724002077207
_eLIBRO
_h110051
_i107107
_sb
_t$714.00
949 _a581.4 B46
_bBC
_cLIBRO
_d33724002077248
_eLIBRO
_fc.2
_h110052
_i107107
_si
_t$714.00
999 _c95482
_d95482